Sports Quiz

Random Sports or Basketball Quiz

Top 100 Scorers in NBA History Quiz Stats

 Plays Quiz Updated Apr 17, 2018

Challenge
Share
Tweet
Embed
Score 0/100 Timer 15:00
11 Plays Today
Player % Correct
Michael Jordan
97.3%
Kobe Bryant
95.8%
LeBron James
95.6%
Kareem Abdul-Jabbar
94.8%
Karl Malone
90.3%
Shaquille O'Neal
90.2%
Moses Malone
89.4%
Wilt Chamberlain
88.6%
Magic Johnson
88.4%
Jeff Malone
88.1%
Eddie Johnson
86.3%
Larry Bird
85.9%
Joe Johnson
85.7%
Tim Duncan
83.5%
Dirk Nowitzki
83.4%
Jerry West
80.5%
Kevin Garnett
79.5%
Paul Pierce
79.1%
Allen Iverson
78.6%
Scottie Pippen
78.2%
Dwyane Wade
75.9%
Hakeem Olajuwon
75.6%
David Robinson
74.5%
Clifford Robinson
73.4%
Ray Allen
72.4%
John Stockton
72.3%
Vince Carter
71.9%
Carmelo Anthony
71.6%
Patrick Ewing
71.4%
Charles Barkley
71.3%
Steve Nash
70.1%
Isiah Thomas
69.7%
Reggie Miller
68.7%
Oscar Robertson
68.7%
Player % Correct
Julius Erving
66%
Kevin Durant
65.4%
Jason Kidd
64.9%
Tracy McGrady
64%
Clyde Drexler
63.2%
Kevin McHale
62.2%
Dominique Wilkins
61.6%
Chris Bosh
58.3%
Gary Payton
58.2%
John Havlicek
57.7%
Robert Parish
57.7%
Elgin Baylor
56.9%
Tony Parker
55.2%
Bob Cousy
54.5%
LaMarcus Aldridge
54.4%
Pau Gasol
54.1%
George Gervin
51.9%
Chris Webber
51.7%
Buck Williams
51.5%
Chris Paul
50.4%
Elvin Hayes
49.5%
Alex English
49.3%
Bob Pettit
46.8%
Chris Mullin
45.8%
Dwight Howard
44.2%
Walter Davis
43.6%
Rick Barry
43.5%
Grant Hill
41.7%
Bernard King
41.6%
Jamal Crawford
39.9%
Adrian Dantley
37.7%
Bob McAdoo
37%
Mitch Richmond
36.7%
Tiny Archibald
34.1%
Player % Correct
Jason Terry
33.9%
Russell Westbrook
33.2%
Antawn Jamison
33.1%
Shawn Marion
32.9%
Chet Walker
32.8%
Glen Rice
31.8%
Earl Monroe
31.2%
Jerry Stackhouse
30.8%
Zach Randolph
30.5%
Tom Chambers
29.4%
Lenny Wilkens
29.3%
Dolph Schayes
29.2%
Elton Brand
28.4%
Latrell Sprewell
28%
Dave Bing
27.5%
Dale Ellis
27.3%
Bob Lanier
26.6%
Gail Goodrich
26.5%
Hal Greer
26.5%
Kevin Willis
25%
Mark Aguirre
24.8%
World B. Free
24.5%
Michael Finley
24.3%
Walt Bellamy
23.2%
Jack Sikma
19.7%
Calvin Murphy
19.4%
Terry Cummings
18.9%
Rolando Blackman
18.5%
Reggie Theus
16.2%
Otis Thorpe
15.4%
Lou Hudson
15.2%
Bailey Howell
10.6%

You're not logged in!

Compare scores with friends on all Sporcle quizzes.
Join for Free
OR
Log In

You Might Also Like...

Show Comments

Extras

Top Quizzes Today


Score Distribution

Your Account Isn't Verified!

In order to create a playlist on Sporcle, you need to verify the email address you used during registration. Go to your Sporcle Settings to finish the process.

Report this User

Report this user for behavior that violates our Community Guidelines.

Details: